| 000 | 00803cam a22002773a 4500 | ||
|---|---|---|---|
| 001 | 3635 | ||
| 003 | PGUSA | ||
| 005 | 20140828083035.0 | ||
| 008 | 030101s2003||||xxu|||||s|||||000 1 eng d | ||
| 040 |
_aPGUSA _beng |
||
| 042 | _adc | ||
| 050 | 4 | _aPS | |
| 100 | 1 |
_aNorris, Kathleen Thompson, _d1880-1966 |
|
| 245 | 1 | 0 |
_aMother : _bA Story _h[electronic resource] / _cKathleen Thompson Norris |
| 260 |
_bProject Gutenberg, _c2003 |
||
| 506 | _aPublic domain in the USA. | ||
| 516 | _aElectronic text | ||
| 653 | _aLove, Maternal -- Fiction | ||
| 653 | _aSelf-sacrifice -- Fiction | ||
| 653 | _aMothers -- Fiction | ||
| 653 | _aFamilies -- Fiction | ||
| 653 | _aSelf-confidence -- Fiction | ||
| 830 | 0 |
_aProject Gutenberg _v3635 |
|
| 856 | 4 | 0 | _uhttp://www.gutenberg.org/ebooks/3635 |
| 942 | _cEB | ||
| 999 |
_c232964 _d232964 |
||